| 000 | 00611cam a22002293a 4500 | ||
|---|---|---|---|
| 001 | 14349 | ||
| 003 | PGUSA | ||
| 005 | 20140828083316.0 | ||
| 008 | 041213s2004||||xxu|||||s|||||000 1 eng d | ||
| 040 |
_aPGUSA _beng |
||
| 042 | _adc | ||
| 050 | 4 | _aPH | |
| 100 | 1 |
_aAlkio, Santeri, _d1862-1930 |
|
| 245 | 1 | 0 |
_aJaakko Jaakonpoika _h[electronic resource] / _cSanteri Alkio |
| 260 |
_bProject Gutenberg, _c2004 |
||
| 506 | _aPublic domain in the USA. | ||
| 516 | _aElectronic text | ||
| 653 | _aFiction | ||
| 830 | 0 |
_aProject Gutenberg _v14349 |
|
| 856 | 4 | 0 | _uhttp://www.gutenberg.org/ebooks/14349 |
| 942 | _cEB | ||
| 999 |
_c243604 _d243604 |
||